| 000 | 00595nam a2200181 a 4500 | ||
|---|---|---|---|
| 005 | 20140310183210.0 | ||
| 008 | 030220s19uu xx 00 eng d | ||
| 020 | _a9780815156284 | ||
| 050 |
_aRT 81.5 _b.G868 1994 |
||
| 100 | _aGrippa, Kathleen Rose. | ||
| 245 |
_aStudy guide and computerized learning resources to accompany nursing research methods, critical appraisal and utilization / _cKathleen Rose Grippa. |
||
| 260 |
_aUSA : _bMosby-Year Book Inc., _c1994. |
||
| 300 |
_a211 p. : _c24 cm. |
||
| 521 | _aNUR | ||
| 650 | _aNursing research | ||
| 942 |
_cBK _2lcc _kFOR |
||
| 999 |
_c20101 _d20101 |
||